| 000 | 00514nam a22001697a 4500 | ||
|---|---|---|---|
| 999 |
_c5311 _d5311 |
||
| 003 | GBCCL | ||
| 005 | 20241126110538.0 | ||
| 008 | 180313b ||||| |||| 00| 0 eng d | ||
| 040 | _cgbc | ||
| 082 |
_aVER 289.95 _bDON |
||
| 100 |
_aDongzathawng _99577 |
||
| 245 |
_aWorld Council of Churches in Heilam Manaw?: _bEvangelical Hattuomte Ki Et Phat Hunta! / _cDongzathawng |
||
| 260 |
_bIFCA International, _aGrandville: _c2007 |
||
| 300 |
_a172 p.; _c21 cm. |
||
| 650 |
_aEvangelical Churches _99578 |
||
| 942 |
_2ddc _cBK _01 |
||